00401nam a22001217a 4500008004100000020001800041050003200059245005100091260004600142300002600188650005000214655001500264230728b |||||||| |||| 00| 0 eng d a9780899422404 aBX2237 .C38 1991b.C38 1991 aThe new Saint Joseph First Communion catechism aNew York,bCatholic Book Pub. Co., c1991 a64p. :bill. ;c21 cm aCatholic Church CatechismsxCatechism clasess aCatechisms